000 00306nam a22001337a 4500
082 _a823
_bSWI/G
100 _aSWIFT, JONATHAN
245 _aGULLIVERS TRAVELS
246 _aGULLIVERS TRAVELS
_bGULLIVERS TRAVELS
260 _aKOTTAYAM
_bAVANTY
_c2022
300 _a91
650 _aENGLISH STORY
942 _cBK
999 _c9136
_d9136